Asia: 15 Most Populous Countries Quiz Stats

Quiz Updated Oct 7, 2016

Challenge
Share
Tweet
Score 0/15 Timer 03:00
1 Play Today
% Correct
1. China
99.3%
2. India
98.7%
6. Russia
94.6%
7. Japan
93.4%
3. Indonesia
93.3%
4.
Pakistan
87.4%
10. Iran
87.1%
12. Thailand
81.9%
% Correct
11. Turkey
78.7%
9. Vietnam
77.1%
8. Philippines
74.3%
13.
Myanmar
71.4%
14.
S. Korea
71.2%
5.
Bangladesh
62.7%
15. Iraq
34.5%

You're not logged in!

Compare scores with friends on all Sporcle quizzes.
Sign Up with Email
OR
Log In

You Might Also Like...

Show Comments

Extras

Top Quizzes Today


Score Distribution

Your Account Isn't Verified!

In order to create a playlist on Sporcle, you need to verify the email address you used during registration. Go to your Sporcle Settings to finish the process.